Breuken omzetten naar procenten - Statistieken

Algemene statistieken
  • Deze quiz is 45 keer genomen
  • De gemiddelde score is 27 van 30
Antwoordstatistieken
OPGAVE ANTWOORD % Correct
1/100 1
100%
17/100 17
100%
19/100 19
100%
1/50 2
100%
1/5 20
100%
23/100 23
100%
3/100 3
100%
8/25 32
100%
33/100 33
100%
7/20 35
100%
2/5 40
100%
43/100 43
100%
11/25 44
100%
49/100 49
100%
1/2 50
100%
51/100 51
100%
13/25 52
100%
57/100 57
100%
59/100 59
100%
61/100 61
100%
63/100 63
100%
33/50 66
100%
69/100 69
100%
7/100 7
100%
7/10 70
100%
73/100 73
100%
81/100 81
100%
83/100 83
100%
43/50 86
100%
22/25 88
100%
89/100 89
100%
9/100 9
100%
91/100 91
100%
93/100 93
100%
47/50 94
100%
97/100 97
100%
49/50 98
100%
39/100 39
94%
18/25 72
94%
23/25 92
94%
6/25 24
93%
53/100 53
93%
71/100 71
93%
77/100 77
93%
13/100 13
92%
7/50 14
92%
27/100 27
92%
12/25 48
92%
1/20 5
92%
24/25 96
92%
99/100 99
92%
3/25 12
91%
9/50 18
91%
3/10 30
91%
41/100 41
91%
27/50 54
91%
16/25 64
91%
67/100 67
91%
3/20 15
90%
31/100 31
90%
19/50 38
90%
3/50 6
90%
3/5 60
90%
4/5 80
90%
19/20 95
90%
11/50 22
89%
9/20 45
89%
23/50 46
89%
87/100 87
89%
1/4 25
88%
29/100 29
88%
11/20 55
88%
14/25 56
88%
17/25 68
88%
9/10 90
87%
1/10 10
86%
11/100 11
86%
9/25 36
86%
37/50 74
86%
7/25 28
85%
37/100 37
85%
1/25 4
83%
3/4 75
83%
2/25 8
83%
21/100 21
82%
17/50 34
82%
21/50 42
80%
47/100 47
80%
29/50 58
80%
79/100 79
80%
41/50 82
80%
21/25 84
80%
17/20 85
77%
4/25 16
75%
39/50 78
75%
31/50 62
73%
13/50 26
67%
19/25 76
64%
13/20 65
63%
Geen overeenkomende quizzen gevonden
Scoreverdeling
Procent van Mensen met Elke Score
Percentiel versus Aantal Correcte Antwoorden
Uw Scoregeschiedenis
U heeft deze quiz nog niet genomen